| 000 | 00383nam a2200145Ia 4500 | ||
|---|---|---|---|
| 008 | 230917s9999||||xx |||||||||||||| ||und|| | ||
| 040 |
_e63057 _aMAIN |
||
| 041 | _aEnglish | ||
| 082 | _a320.08 K146P | ||
| 100 | _aKariel, Henry S, ed. | ||
| 245 | 0 | _aPolitical order: A reader in political science | |
| 260 |
_aNew York _bBasic Books _c1970 |
||
| 300 | _axiii, 399 p. | ||
| 942 | _cBK | ||
| 999 |
_c105372 _d105372 |
||